El entorno de programación UNIX
Đã lưu trong:
| Những tác giả chính: | , |
|---|---|
| Định dạng: | Sách |
| Ngôn ngữ: | Tiếng Tây Ban Nha |
| Được phát hành: |
Ciudad de México
Prentice-Hall Hispanoamericana
1987
|
| Phiên bản: | 1a. ed |
| Những chủ đề: | |
| Các nhãn: |
Thêm thẻ
Không có thẻ, Là người đầu tiên thẻ bản ghi này!
|
MARC
| LEADER | 00000nam a2200000 a 4500 | ||
|---|---|---|---|
| 001 | UCX9113 | ||
| 003 | CL-VaPUC | ||
| 008 | 940517e19870000MX |||||||||||||||||spa|d | ||
| 020 | |a 9588800678 | ||
| 082 | 0 | 4 | |a 005.133 |b KER |2 21 |
| 100 | |a Kernighan, Brian W |e author |9 473160 | ||
| 700 | 0 | |a Pike, Rob |e author |9 326421 | |
| 245 | 1 | 3 | |a El entorno de programación UNIX |
| 250 | |a 1a. ed | ||
| 300 | |a 369 p | ||
| 942 | |c BK | ||
| 945 | |d 19940517 00:00:00 |a mfernand | ||
| 260 | |a Ciudad de México |b Prentice-Hall Hispanoamericana |c 1987 | ||
| 650 | 7 | |a UNIX SISTEMA OPERATIVO PARA COMPUTADOR |2 CL-VaPUC |9 263774 | |
| 650 | 7 | |a COMPUTADORES PROGRAMACION |2 CL-VaPUC |9 260190 | |
| 650 | 7 | |a SISTEMAS OPERATIVOS COMPUTADORES |2 CL-VaPUC |9 263174 | |
| 583 | |a last modification |c 19940517 00:00:00 |k Rodrigo Vera | ||
| 999 | |c 228441 |d 228439 | ||
| 952 | |0 0 |1 0 |2 ddc |4 0 |6 005_133000000000000_KER_1987 |7 0 |8 A |9 228486 |a BIBING |b BIBING |c RES |d 2019-11-15 |i 4020464 |o 005.133 KER 1987 |p 4020464 |r 2025-01-20 |w 2019-11-15 |y BK |k CCI | ||